000 00664nam a2200181Ia 4500
008 151018s9999 xx 000 0 und d
082 _bRBASDV45791
_a100
100 _aस्वेट मॉर्डेन
245 _aआपकी उन्नती के सूत्र
250 _b1
260 _bसंदर्भ प्रकाशन सांगली
_c2007
300 _a152
600 _aस्वेट मॉर्डेन
630 _aआपकी उन्नती के सूत्र
700 _aस्वेट मॉर्डेन
730 _aआपकी उन्नती के सूत्र
942 _cBOOK
999 _c1044968
_d1044965